| 000 | 00854nam a22002297a 4500 | ||
|---|---|---|---|
| 001 | 47277 | ||
| 003 | BD-RjUL | ||
| 005 | 20211209054304.0 | ||
| 008 | 160808s1987 ii ||||| |||| 00| 0 ben d | ||
| 020 | _c: IRs 100.00 | ||
| 035 | _a(BD-RjUL)47396 | ||
| 040 |
_aBD-RjUL _bben _cBD-RjUL |
||
| 041 | _aben | ||
| 082 |
_223 _a301.0954 _bBHV 1987 |
||
| 100 | 1 | 0 |
_aভট্রাচার্য, নরেন্দ্রনাথ _9127656 |
| 245 | 1 | 0 |
_aভারতীয় জাতিবর্ণপ্রথা / _cনরেন্দ্রনাথ ভট্রাচার্য |
| 260 |
_aকলিকাতা : _bফার্মা কেএলএম, _c১৯৮৭ |
||
| 300 |
_a৩১০ পৃ. ; _c২১ সেমি. |
||
| 650 |
_aসমাজ _zভারত _9143907 |
||
| 650 |
_aSociology _zIndia _9143908 |
||
| 942 |
_2ddc _cBK |
||
| 999 |
_c47277 _d47277 |
||